القرار الإداري الباطل والقرار المعدوم / (Record no. 54003)
[ view plain ]
| 000 -LEADER | |
|---|---|
| fixed length control field | 02022nam a2200361 i 4500 |
| 003 - CONTROL NUMBER IDENTIFIER | |
| control field | EG-GICUC |
| 005 - DATE AND TIME OF LATEST TRANSACTION | |
| control field | 20260208000533.0 |
| 008 - FIXED-LENGTH DATA ELEMENTS--GENERAL INFORMATION | |
| fixed length control field | 260103s1997 ua ||||fr|||| 000 0 ara d |
| 017 ## - COPYRIGHT OR LEGAL DEPOSIT NUMBER | |
| Copyright or legal deposit number | 97/14339 |
| 020 ## - INTERNATIONAL STANDARD BOOK NUMBER | |
| International Standard Book Number | 977-04-2209-6 |
| 040 ## - CATALOGING SOURCE | |
| Original cataloging agency | EG-GICUC |
| Language of cataloging | ara |
| Transcribing agency | EG-GICUC |
| Modifying agency | EG-GICUC |
| Description conventions | rda |
| 041 ## - LANGUAGE CODE | |
| Language code of text/sound track or separate title | ara |
| 082 04 - DEWEY DECIMAL CLASSIFICATION NUMBER | |
| Edition number | 21 |
| Classification number | 345.63 |
| Item number | ع ل . ق |
| 092 04 - LOCALLY ASSIGNED DEWEY CALL NUMBER (OCLC) | |
| Edition number | 21 |
| 099 ## - LOCAL FREE-TEXT CALL NUMBER (OCLC) | |
| Classification number | Law1 07 345.63 ع ل . ق 1 ed - 1997 |
| 100 0# - MAIN ENTRY--PERSONAL NAME | |
| Personal name | عليوة مصطفى فتح الباب |
| Relator term | مؤلف. |
| 245 12 - TITLE STATEMENT | |
| Title | القرار الإداري الباطل والقرار المعدوم / |
| Statement of responsibility, etc. | دكتور عليوة مصطفي فتح الباب. |
| 250 ## - EDITION STATEMENT | |
| Edition statement | الطبعة الاولى |
| 264 #1 - PRODUCTION, PUBLICATION, DISTRIBUTION, MANUFACTURE, AND COPYRIGHT NOTICE | |
| Place of production, publication, distribution, manufacture | القاهرة : |
| Name of producer, publisher, distributor, manufacturer | دار النهضة العربية, |
| Date of production, publication, distribution, manufacture, or copyright notice | 1997. |
| 300 ## - PHYSICAL DESCRIPTION | |
| Extent | 456 صفحة ؛ |
| Dimensions | 24 سم |
| 336 ## - CONTENT TYPE | |
| Source | rda content |
| Content type term | text |
| 337 ## - MEDIA TYPE | |
| Source | rda media |
| Media type term | Computer |
| 338 ## - CARRIER TYPE | |
| Source | rda carrier |
| Carrier type term | Online Resource |
| 500 ## - GENERAL NOTE | |
| General note | دراسة<br/>القرار الإداري وأركانه وشروط صحته وعيوبه<br/>وحالات بطالة وانعدامه، وآثار التمييز بين البطلان والانعدام<br/>وأثار القرار الباطل والقرار المعدوم، ونهاية القرار الباطل والقرار المعدوم<br/>بسحبه من السلطة التي تملك ذلك أو الغائه من المحكمة المختصة، وآثار السحب.<br/>والإلغاء، وأخيرا التعويض عن القرار الباطل والقرار المعدوم<br/>في ضوء أراء الفقه وأحدث أحكام وفتاوى مجلس الدولة ومحكمة النقض<br/>والمحكمة الدستورية العليا. |
| 546 ## - LANGUAGE NOTE | |
| Language note | النص باللغة العربية |
| 650 14 - SUBJECT ADDED ENTRY--TOPICAL TERM | |
| Topical term or geographic name entry element | عيوب القرار الإداري |
| Source of heading or term | qrmak |
| 650 14 - SUBJECT ADDED ENTRY--TOPICAL TERM | |
| Topical term or geographic name entry element | انعدام القرار الإداري |
| 650 14 - SUBJECT ADDED ENTRY--TOPICAL TERM | |
| Topical term or geographic name entry element | بطلان القرار الإداري |
| 651 1# - SUBJECT ADDED ENTRY--GEOGRAPHIC NAME | |
| Source of heading or term | qrmak |
| 856 40 - ELECTRONIC LOCATION AND ACCESS | |
| Uniform Resource Identifier | <a href="https://fll.law.cu.edu.eg/fulltext/bks/B07-02060.pdf">https://fll.law.cu.edu.eg/fulltext/bks/B07-02060.pdf</a> |
| 905 ## - Cataloger and Reviser Names | |
| Cataloger Name: | Hager Mohamed |
| Revisor Name: | Yara |
| 942 ## - ADDED ENTRY ELEMENTS (KOHA) | |
| Source of classification or shelving scheme | Dewey Decimal Classification |
| Koha item type | Books |
| Edition | 21 |
| Suppress in OPAC | No |
| Withdrawn status | Lost status | Source of classification or shelving scheme | Damaged status | Not for loan | Collection | Home library | Current library | Date acquired | Total checkouts | Full call number | Barcode | Date last seen | Copy number | Price effective from | Koha item type |
|---|---|---|---|---|---|---|---|---|---|---|---|---|---|---|---|
| Dewey Decimal Classification | Not for loan | القانون الإداري | جــــامعة القــاهرة | مكتبة كلية الحقوق - المبنى الرئيسي | 03.01.2026 | Law1 07 345.63 ع ل . ق 1 ed - 1997 0702060 C1 | B07-02060 | 03.01.2026 | 1 | 03.01.2026 | Books | ||||
| Dewey Decimal Classification | القانون الإداري | جــــامعة القــاهرة | مكتبة كلية الحقوق - المبنى الرئيسي | 03.01.2026 | Law1 07 345.63 ع ل . ق 1 ed - 1997 0702061 C2 | B07-02061 | 03.01.2026 | 2 | 03.01.2026 | Books | |||||
| Dewey Decimal Classification | القانون الإداري | جــــامعة القــاهرة | مكتبة كلية الحقوق - فـرع الشيخ زايد | 19.01.2026 | Law2 07 345.63 ع ل . ق 1 ed - 1997 0702063 C3 | B07-02063 | 19.01.2026 | 3 | 19.01.2026 | Books |